[Event "22nd OIBM 2018"]
[Site "Gmund am Tegernsee"]
[Date "2018.11.03"]
[Round "8"]
[White "Weber, Ulrich"]
[Black "Stock, Christoph"]
[Result "1-0"]
[WhiteElo "2347"]
[BlackElo "2174"]
[Annotator "TA"]
[PlyCount "65"]
[EventDate "2018.10.27"]
[EventType "swiss"]
[EventCountry "GER"]
[SourceTitle "playchess.com"]
[Source "ChessBase"]
[SourceQuality "1"]

{[%evp 17,65,0,-11,-18,-4,-4,-8,-33,22,25,60,71,67,42,82,8,47,35,84,84,87,77,83,77,103,100,135,144,179,188,186,183,230,197,189,178,275,239,433,408,596,638,601,621,638,631,1743,1717,1681,1607]} 1. Nf3 e6 2. g3 f5 3. Bg2 Nf6 4. O-O Be7 5. d3 d6 (5... O-O 6. Nc3 Bb4 7. Na4 d5 8. c4 c6 9. a3 Bd6 10. b4 e5 11. Bb2 Qe8 12. cxd5 cxd5 13. Rc1 Nc6 14. b5 {½-½ (62) Onischuk,V (2594)-Rapport,R (2701) Zalakaros 2014}) 6. c3 {A04: Unusual lines after 1 Nf3 and King's Indian Attack} O-O 7. Nbd2 Qe8 8. e4 fxe4 9. dxe4 e5 {LiveBook: 4 Games} 10. Nc4 $146 ({Predecessor:} 10. Ng5 Bd8 11. f4 exf4 12. gxf4 h6 13. Nh3 Qh5 14. Qxh5 Nxh5 {1-0 (56) Hovhannisyan,M (2513)-Froeyman,H (2304) Gent 2014}) 10... Qh5 11. Ne3 Bd8 12. Nd2 Qg6 (12... Qxd1 $15 13. Rxd1 Ng4) 13. a4 $11 b6 14. a5 {Hoping for axb6.} Bb7 15. Qe2 Kh8 16. a6 (16. b4 $16) 16... Bc8 17. b4 Nbd7 18. Bb2 Rb8 19. c4 $36 {[%mdl 2048] White is on the roll.} Nh5 20. Kh1 Rf7 21. Nb1 Nf8 22. Nc3 Bg5 {[#]} 23. Nf5 $1 {[%mdl 512]} Ne6 (23... Bxf5 24. exf5) 24. Bf3 Nhf4 25. gxf4 Nxf4 26. Qc2 Qe6 (26... Be6 $142 27. Nb5 Rxf5) 27. Rg1 $18 Bh6 $2 (27... h6 28. Nb5 Ra8) 28. Nd5 c6 (28... Qe8 {is a better defense.} 29. Nxh6 gxh6) 29. Nxf4 {White is clearly winning.} Bxf4 30. Rg4 g6 31. Rxf4 Qf6 {[#]} 32. Nxd6 $1 Qxf4 {[#]} (32... Qxd6 33. Rxf7) 33. Bxe5+ $1 {[%mdl 512] Precision: White = 56%, Black = 29%.} 1-0

[Event "22nd OIBM 2018"]
[Site "Gmund am Tegernsee"]
[Date "2018.11.03"]
[Round "8"]
[White "Singer, Christoph"]
[Black "Jimenez De La Torre, Jose A."]
[Result "1-0"]
[WhiteElo "2344"]
[BlackElo "2076"]
[Annotator "TA"]
[PlyCount "103"]
[EventDate "2018.10.27"]
[EventType "swiss"]
[EventCountry "GER"]
[SourceTitle "playchess.com"]
[Source "ChessBase"]
[SourceQuality "1"]

{[%evp 15,103,17,42,56,33,23,23,10,16,16,24,24,24,24,24,24,24,20,21,17,25,0,0,-8,0,-11,0,-34,-4,0,0,-26,0,-62,-61,-61,10,0,30,35,28,11,29,-16,0,0,0,0,0,0,0,0,26,-65,-49,-47,-67,-54,8,8,8,8,8,8,16,0,0,0,0,-15,0,-46,0,0,-8,-8,268,13,1042,1014,978,963,847,771,608,0,5514,5177,5249,5214]} 1. e4 e5 2. Bc4 Nf6 3. d3 c6 4. Nf3 d5 5. Bb3 Bd6 6. Nc3 dxe4 {C24: Bishop's Opening: 2...Nf6} 7. Ng5 (7. Nxe4 Nxe4 8. dxe4 h6 9. O-O Qe7 10. Be3 Nd7 11. Nh4 g6 12. f4 Bc5 13. Bxc5 Nxc5 14. Bxf7+ Qxf7 15. Qd6 {0-1 (45) Fedoseev,V (2690)-Fridman,D (2605) Minsk 2017 CBM 179 [Fridman,D]}) 7... O-O 8. Ngxe4 Be7 {LiveBook: 3 Games. The position is equal.} 9. Nxf6+ Bxf6 10. Ne4 Bf5 $146 ({Predecessor:} 10... Nd7 11. O-O Be7 12. Qh5 Qc7 13. Re1 Nf6 14. Nxf6+ Bxf6 {½-½ (21) Goldberg,A (2330)-Mathe,G (2375) Dresden 1986}) 11. Nxf6+ Qxf6 12. Qf3 Qg6 13. Qg3 Nd7 14. Qxg6 Bxg6 15. Be3 Rfe8 16. O-O-O Nf6 17. f3 Nd5 18. Bd2 a5 19. a3 f6 20. Rhe1 Bf7 21. c3 c5 22. Bc2 b5 23. Re4 Rec8 24. Kb1 (24. f4 $11) 24... Bg6 $15 25. Ree1 c4 (25... b4 $15) 26. dxc4 $11 Bxc2+ 27. Kxc2 bxc4 28. Be3 Rd8 29. a4 Rd7 30. Bc1 Rad8 31. Rd2 Kf7 32. Re4 g5 33. g3 Re8 34. Rxc4 ({Better is} 34. h4 $11) 34... Ne3+ $15 35. Kb1 Rxd2 $1 36. Rc7+ Re7 (36... Kg6 $15 37. Bxd2 Nf1) 37. Rxe7+ $11 Kxe7 38. Bxd2 {[%mdl 4096] Endgame KB-KN} Nf1 $132 {[%mdl 2048] Black puts up resistance} 39. Kc2 {And now h3 would win.} Nxh2 40. f4 exf4 41. gxf4 g4 42. Kd3 h5 {[%cal Bh7h5,Bh5h4][%mdl 32]} 43. Ke2 {Threatening c4.} h4 {White must now prevent ...Nf3.} 44. c4 Nf3 45. Bxa5 {Bc3 is the strong threat.} f5 $2 {[%mdl 8192] [#]} (45... Ke6 $11 {and Black is okay.}) 46. Kf2 $2 (46. Bc3 $1 $18) 46... Kd6 $2 {[%mdl 8192]} (46... Nd4 $11) 47. Bc3 $18 h3 48. b4 {[%cal Bb2b4,Bb4b5][%mdl 32]} h2 49. Kg2 g3 50. a5 $2 {[#]} ({White should play} 50. b5 $18 {aiming for a5.} Ng1 51. Be1) 50... Kc6 $2 {[%mdl 8192]} (50... Ng5 $11 51. Be5+ (51. fxg5 f4 $19) 51... Ke6 52. fxg5 Kxe5) 51. b5+ Kc5 52. a6 {Precision: White = 48%, Black = 40%.} 1-0

[Event "22nd OIBM 2018"]
[Site "Gmund am Tegernsee"]
[Date "2018.11.03"]
[Round "8"]
[White "Fischer, Daniel"]
[Black "Renner, Kai"]
[Result "1-0"]
[WhiteElo "2336"]
[BlackElo "2159"]
[Annotator "TA"]
[PlyCount "85"]
[EventDate "2018.10.27"]
[EventType "swiss"]
[EventCountry "GER"]
[SourceTitle "playchess.com"]
[Source "ChessBase"]
[SourceQuality "1"]

{[%evp 27,85,42,38,37,24,24,25,27,23,19,21,20,20,28,24,0,25,0,71,48,50,52,51,42,53,60,54,2,321,322,394,152,133,143,232,189,461,236,216,212,6279,6279,29976,10884,29984,5418,5373,5393,29987,29988,29989,0,29977,2535,29989,5297,3115,2679,29978,11672]} 1. e4 c5 2. Nf3 e6 3. d4 cxd4 4. Nxd4 a6 5. Bd3 Nf6 6. O-O Qc7 7. Qe2 d6 8. c4 g6 9. Nc3 Bg7 10. Nf3 O-O 11. Rd1 Nc6 {[%cal Bb8c6,Bc6a5,Ba5c4,Bc4e3][%mdl 32]} 12. h3 Nd7 13. Be3 {B42: Sicilian: Kan Variation: 5 Bd3} Bxc3 (13... Nde5 14. Rac1 Qe7 15. Bb1 Bd7 16. Nh2 f5 17. f4 Nf7 18. Qd2 Be8 19. Nf3 Rd8 20. exf5 gxf5 {1-0 (44) Nakamura,H (2787)-Shabalov,A (2528) Saint Louis 2016 CBM 172 [Besenthal,K]}) 14. bxc3 f6 {LiveBook: 12 Games} 15. Bc2 {[%cal Bd3c2,Bc2b3,Bb3e6,Be6d5][%mdl 32] White is slightly better.} Na5 16. Qd3 $146 ({Predecessor:} 16. Nd2 b6 17. Rab1 Bb7 18. Qg4 Rae8 19. Qg3 Kh8 20. Rb4 Ba8 {½-½ (49) Anderson,A (2174)-Buss,M ICCF email 2015}) 16... Nxc4 17. Bb3 Nxe3 18. Bxe6+ Kg7 19. Qxe3 Nc5 20. Bd5 Be6 21. c4 Rfe8 22. Nd4 Rac8 (22... Bxd5 $11 23. cxd5 Kg8) 23. Qf4 Bxd5 24. cxd5 Qe7 25. f3 Na4 26. Ne6+ Kg8 27. e5 (27. Qe3 $14) 27... Nc5 $2 {[%mdl 8192] [#]} (27... Nc3 $11 28. exd6 Ne2+ 29. Kh2 Nxf4 30. dxe7 Nxe6) 28. exd6 $18 ({Not} 28. exf6 Nxe6 29. dxe6 (29. fxe7 $2 {perishes.} Nxf4 30. Rd2 Rxe7 $19) 29... Qxe6 $18) 28... Qd7 29. Nxc5 $2 (29. Rac1 $18 {is the precise move to win.} b6 30. Qxf6) 29... Rxc5 $16 30. Qxf6 Qg7 (30... Qd8 $16 {was called for.} 31. Qf4 Rf8) 31. Qf4 Rd8 $2 {[#]} (31... Qf8 {was necessary.} 32. Qa4 Rd8) 32. Rac1 (32. Qe3 $142 Rc4 33. Qe6+ Qf7 34. Rdc1) 32... Rxc1 $18 33. Rxc1 {[%mdl 4096] Endgame KQR-KQR} Qd7 $2 (33... Qf8 34. Qxf8+ Kxf8) 34. Rc7 Qf5 35. Qd4 (35. Qh6 $142 Qf6 36. Qxh7+ Kf8 37. Qe7+ Qxe7 38. dxe7+ Ke8 39. exd8=N Kxd8 40. Rxb7) 35... Rd7 36. Rxd7 (36. Rc8+ $142 Kf7 37. Qh8 g5 38. Qg8+ Kf6 39. Rf8+ Ke5 40. Rxf5+ Kd4 41. Qe6) 36... Qxd7 {KQ-KQ} 37. Qf6 Qa4 38. Qe6+ Kf8 39. Qf6+ Kg8 40. Kh2 (40. Qd8+ $142 Kg7 41. Qc7+ Kf6 42. d7 Qd1+ 43. Kh2 Qxd5 44. d8=Q+ Qxd8 45. Qxd8+ Kf5 46. Qd5+ Kf4 47. Qxb7) 40... a5 41. Kg3 (41. Qd8+ $142 Kg7 42. Qc7+ Kf8 43. d7 Qh4 44. d8=Q+ Qxd8 45. Qxd8+ Kf7 46. Qd7+ Kf6 47. Qe6+ Kg5 48. Qe7+ Kh5 49. g4+ Kh6 50. h4 b6 51. Qf8#) 41... Qe8 42. Qe7 Qf7 43. Qc7 {Precision: White = 28%, Black = 30%.} (43. Qd8+ $142 Qf8 44. Qc7 Qf6 45. d7 Qg5+ 46. Kh2 Qxd5 47. d8=Q+ Qxd8 48. Qxd8+ Kf7 49. Qxa5) 1-0

[Event "22nd OIBM 2018"]
[Site "Gmund am Tegernsee"]
[Date "2018.11.03"]
[Round "8"]
[White "Koepke, Christian"]
[Black "Lettl, Gerhard"]
[Result "1-0"]
[WhiteElo "2331"]
[BlackElo "2132"]
[Annotator "TA"]
[PlyCount "37"]
[EventDate "2018.10.27"]
[EventType "swiss"]
[EventCountry "GER"]
[SourceTitle "playchess.com"]
[Source "ChessBase"]
[SourceQuality "1"]

{[%evp 15,37,0,0,-4,60,64,60,66,69,54,60,60,61,52,202,209,277,295,276,279,331,156,300,314]} 1. d4 d5 2. Bf4 Nf6 3. e3 e6 4. Nf3 c5 5. c3 Nc6 6. Nbd2 Bd6 7. Bg3 O-O 8. Bd3 b6 9. e4 {Black must now prevent e5. D02: 1 d4 d5 2 Nf3 sidelines, including 2...Nf6 3 g3 and 2...Nf6 3 Bf4} dxe4 (9... Be7 $11) (9... Be7 10. e5 Nh5 11. Nf1 cxd4 12. Nxd4 Nxd4 13. cxd4 g6 14. Ne3 f5 15. exf6 Bxf6 16. Be2 Nxg3 17. hxg3 {½-½ (37) Nakamura,H (2787)-Svidler,P (2760) Moscow 2018}) 10. Nxe4 $14 Nxe4 11. Bxe4 {Strongly threatening dxc5.White is slightly better.} Bb7 12. Qa4 Na5 13. dxc5 Bxc5 14. Rd1 $36 {[%mdl 2048] White has the initiative.} Qf6 (14... Qc8 $1 $14) 15. Be5 $18 Qh6 {[#]} 16. Bxb7 $1 Nxb7 17. Qe4 $146 Qg6 18. Qxg6 (18. Qxb7 $18 {and the rest is easy.} Qxg2 19. Rf1) 18... fxg6 {[#]} (18... hxg6 $16 {keeps fighting.} 19. b4 f6) 19. b4 $1 1-0

[Event "22nd OIBM 2018"]
[Site "Gmund am Tegernsee"]
[Date "2018.11.03"]
[Round "8"]
[White "Hess, Max"]
[Black "Demir, Bilal"]
[Result "0-1"]
[WhiteElo "2326"]
[BlackElo "2069"]
[Annotator "TA"]
[PlyCount "49"]
[EventDate "2018.10.27"]
[EventType "swiss"]
[EventCountry "GER"]
[SourceTitle "playchess.com"]
[Source "ChessBase"]
[SourceQuality "1"]

{[%evp 23,49,86,119,100,200,192,259,261,276,272,278,281,401,386,395,391,385,395,583,382,373,188,200,65,62,-8,0,0]} 1. c4 Nf6 2. g3 e6 3. Bg2 d5 4. Nf3 c5 5. O-O Nc6 6. cxd5 Nxd5 7. d4 Be7 8. dxc5 Bxc5 9. Qc2 Qe7 {E06: Closed Catalan: Early deviations} 10. a3 (10. Nc3 Nxc3 11. Qxc3 O-O 12. Bf4 f6 13. Rac1 Bb6 14. Be3 Bxe3 15. Qxe3 e5 16. Nd2 Nd4 17. Nb3 Nxb3 18. Qxb3+ Be6 19. Qa4 Rfd8 {½-½ (47) Ponomariov,R (2699)-Lu,S (2638) Danzhou 2017}) 10... a5 11. e4 Nc7 12. e5 h6 {LiveBook: 3 Games} 13. Nc3 Bd7 (13... Nd5 $16 {keeps fighting.}) 14. Ne4 $18 Na6 (14... Ba7 $142 15. Nd6+ Kf8) 15. Be3 $146 ({Predecessor:} 15. Rd1 Rd8 16. Bf1 Ncb8 17. Bd2 {1-0 (36) Varejcko,J (2310)-Trnovec,M Cattolica 1992}) 15... Bxe3 16. Nd6+ ({Weaker is} 16. fxe3 O-O $14) 16... Kf8 {[#] Threatens to win with ...Bb6.} 17. fxe3 {Black must now prevent Nh4.} Nd8 (17... Kg8 {was necessary.} 18. Nxb7 Rc8) 18. Nh4 Kg8 19. Bxb7 Ra7 20. Bg2 g5 (20... Qg5 $142 21. Qc3 Rc7) 21. Rxf7 Nxf7 22. Ng6 (22. Qg6+ $142 Kf8 23. Nxf7 Qxf7 24. Rf1) 22... Qd8 23. Nxf7 (23. Nxh8 $18 {White wants to mate with Qg6+.} Nxh8 24. Rf1) 23... Kxf7 $14 24. Rf1+ (24. Nxh8+ $14 Qxh8 25. Rf1+ Kg8 26. Rf6) 24... Kg7 $11 {[#] Strongly threatening ...Re8.} 25. Nxh8 {[%mdl 32768] Precision: White = 38%, Black = 24%. . Loss on Time!?} 0-1

[Event "22nd OIBM 2018"]
[Site "Gmund am Tegernsee"]
[Date "2018.11.03"]
[Round "8"]
[White "Schnepp, Gunnar"]
[Black "Gopal G.N."]
[Result "0-1"]
[WhiteElo "2320"]
[BlackElo "2578"]
[Annotator "TA"]
[PlyCount "92"]
[EventDate "2018.10.27"]
[EventType "swiss"]
[EventCountry "GER"]
[SourceTitle "playchess.com"]
[Source "ChessBase"]
[SourceQuality "1"]

{[%evp 20,92,26,24,30,23,25,23,29,24,16,24,12,0,0,0,45,21,72,16,25,0,10,-6,17,18,8,0,0,0,0,-81,-82,-84,-76,-177,-177,-180,-181,-180,-85,-122,-108,-83,-89,-171,-122,-124,-117,-118,-114,-256,-239,-255,-219,-360,-350,-339,-306,-410,-429,-416,-392,-502,-482,-668,-636,-703,-660,-1393,-1223,-1314,-1247,-12838,-12839]} 1. d4 Nf6 2. c4 g6 3. Nc3 d5 4. cxd5 Nxd5 5. e4 Nxc3 6. bxc3 Bg7 7. Nf3 c5 8. Rb1 O-O 9. Be2 b6 10. O-O Bb7 11. Qd3 {LiveBook: 519 Games} Qd6 {D85: Exchange Grünfeld: Unusual White 7th moves and lines with 7 Nf3} (11... Ba6 12. Qe3 Qd7 13. dxc5 Bxe2 14. Qxe2 bxc5 15. Rd1 Qe6 16. h4 Nc6 17. Ng5 Qf6 18. Be3 Rad8 19. Bxc5 Qxc3 20. Rdc1 Qa5 {½-½ (32) Mamedyarov,S (2800)-Nepomniachtchi,I (2742) Geneva 2017}) 12. d5 $146 ({Predecessor:} 12. Be3 cxd4 13. cxd4 Nc6 14. d5 Ne5 15. Nxe5 Bxe5 16. f4 Bg7 17. Bf3 Qd7 18. e5 Rac8 19. Rfd1 {1-0 (42) Castro Salguero,R (2402)-Sampieri,M (2352) ICCF email 2012}) 12... e6 {[%cal Re6d5]} 13. c4 Nd7 {White has an edge.} 14. Bb2 Bxb2 15. Rxb2 Rae8 16. Qa3 exd5 17. exd5 Qb8 (17... b5 $5) 18. Qc3 Re7 (18... b5 $11) 19. Bd1 ({Better is} 19. a4 $16) 19... Qd6 $11 20. Re1 Rfe8 {Threatens to win with ...Rxe1+.} 21. Rbe2 Ba6 22. Rxe7 Rxe7 23. Rxe7 Qxe7 24. Ba4 Nf6 25. Qe5 (25. h3 $11 {remains equal.}) 25... Qxe5 $17 26. Nxe5 {[%mdl 4096] Endgame KBN-KBN} Ne4 $1 27. Bb5 (27. Bb3 $17) 27... Bxb5 $19 28. cxb5 {KN-KN} Kf8 29. Nc6 c4 (29... Ke8 $1 $19 {and Black stays clearly on top.} 30. a3 Kd7) 30. Kf1 $17 {[#]} c3 $1 {[%cal Rc3c2]} 31. Nb4 Ke7 32. f3 (32. Ke2 $17) 32... Nf6 33. Ke2 Kd6 34. Kd3 {[#]} Kc5 $1 {[%cal Rc5b4]} 35. Nc6 (35. Kxc3 $17 Kxb5 36. d6) 35... Nxd5 $19 36. Nxa7 Kb4 37. Nc8 (37. Nc6+ $142 Kxb5 38. Nd4+ Kc5 39. Ne2) 37... Nf4+ ({Not} 37... Kxb5 38. g3 $19) 38. Kc2 Nxg2 39. a3+ Kxb5 40. Kxc3 Kc5 41. Kd3 b5 {Black is clearly winning.} 42. Ke4 Ne1 43. f4 f5+ 44. Ke5 Nd3+ 45. Kf6 Nxf4 46. Kg7 Nd5 {Precision: White = 26%, Black = 68%.} 0-1

[Event "22nd OIBM 2018"]
[Site "Gmund am Tegernsee"]
[Date "2018.11.03"]
[Round "8"]
[White "Welling, Gerard"]
[Black "Halkias, Stelios"]
[Result "0-1"]
[WhiteElo "2297"]
[BlackElo "2544"]
[Annotator "TA"]
[PlyCount "104"]
[EventDate "2018.10.27"]
[EventType "swiss"]
[EventCountry "GER"]
[SourceTitle "playchess.com"]
[Source "ChessBase"]
[SourceQuality "1"]

{[%evp 12,104,5,-54,-11,-52,-13,-73,-70,-66,14,19,14,8,8,0,0,7,14,0,25,0,9,0,0,5,8,-52,7,-10,-6,-15,-8,-12,-11,-10,-17,-8,-16,-4,0,-61,-36,-48,0,0,0,0,0,0,0,0,0,0,0,-58,0,0,0,-27,-36,-41,-41,-42,-47,-70,0,-13,0,0,0,0,0,0,0,0,0,-49,-8,-45,-8,-28,-20,-83,-83,-139,-153,-494,-418,-363,-328,-1266,-1204,-1748,-1633]} 1. g3 d5 2. Bg2 Nf6 3. Nf3 c5 4. O-O e6 5. c4 d4 6. d3 Nc6 7. e4 {LiveBook: 14 Games. A09: Réti Opening: 1 Nf3 d5 2 c4} (7. e3 $11) (7. e3 Bd6 8. a3 a5 9. Nbd2 O-O 10. e4 e5 11. h3 Bd7 12. Nh2 Qc8 13. f4 Bxh3 14. f5 Bxg2 15. Kxg2 {½-½ (31) Aronian,L (2780)-Yilmaz,M (2633) Batumi 2018}) 7... Be7 8. Na3 $146 ({Predecessor:} 8. Nbd2 O-O 9. a3 Nd7 10. Rb1 Rb8 11. Qe2 a6 12. e5 Qc7 13. Re1 b5 14. h4 Nb6 {½-½ (60) Wohl,A (2371)-Li,L (2336) Melbourne 2014}) 8... O-O 9. Ne1 (9. e5 $11 {remains equal.} Nd7 10. Re1) 9... a6 10. f4 Ne8 (10... e5 $15) 11. e5 $11 Qc7 12. Nf3 f5 13. exf6 Nxf6 14. Re1 Bd7 15. Ne5 Rae8 16. Nc2 Kh8 17. Bd2 Nxe5 18. fxe5 Ng8 19. Be4 (19. Qe2 $11) 19... Bc6 (19... Qxe5 $15 20. Bxh7 Qf6) 20. Qh5 {[%csl Ge4][%cal Rh5h7]} Bxe4 21. Rxe4 Qc6 22. Rf4 Rxf4 23. Bxf4 Rf8 24. Qe2 g5 25. Bd2 Nh6 26. Rf1 (26. Qh5 $11) 26... Rxf1+ $1 $15 27. Qxf1 Nf5 28. b3 Kg7 29. Qe2 Kg6 30. Ne1 b5 31. Qe4 Qxe4 32. dxe4 $11 {[%mdl 4096] Endgame KBN-KBN} Nh6 $1 33. Ba5 (33. Nd3 $11) 33... bxc4 ({Black should try} 33... Ng4 $15 34. Nd3 bxc4 35. bxc4 Ne3) 34. bxc4 Ng4 35. Nd3 Ne3 36. Bb6 Nxc4 37. Bxc5 Bxc5 38. Nxc5 $15 {KN-KN} a5 ({Black should play} 38... Nxe5 $15 39. Nxa6 d3) 39. Nd3 Kf7 40. Kf2 Nd2 41. Nc5 Nc4 42. Nd3 Nd2 43. Nc5 g4 44. Kg2 Nc4 45. Nd3 Ne3+ 46. Kg1 a4 {[%cal Ba5a4,Ba4a3][%mdl 32]} 47. Nc5 {[#]} (47. a3 $1 $11 {keeps the balance.}) 47... a3 $1 $17 48. Nb3 (48. Nd3 $142) 48... d3 {aiming for ...Nd1.} 49. Nd2 $2 (49. Kf2 $17 {nothing else works.} Nc2 50. Nc5) 49... Ke7 50. Kf2 {[#]} Nc2 $1 51. Nf1 $2 (51. Nb3 Nb4 52. Ke3 Nxa2 53. Kxd3) 51... Kd7 $19 (51... Nb4 52. Ke3 $17) 52. Nd2 Kc6 {Precision: White = 30%, Black = 60%.} ({Less strong is} 52... Nb4 53. Ke3 $17) 0-1

[Event "22nd OIBM 2018"]
[Site "Gmund am Tegernsee"]
[Date "2018.11.03"]
[Round "8"]
[White "Raupp, Thomas"]
[Black "Fahland, Matthias"]
[Result "0-1"]
[WhiteElo "2291"]
[BlackElo "2138"]
[Annotator "TA"]
[PlyCount "101"]
[EventDate "2018.10.27"]
[EventType "swiss"]
[EventCountry "GER"]
[SourceTitle "playchess.com"]
[Source "ChessBase"]
[SourceQuality "1"]

{[%evp 11,101,22,22,19,17,-7,0,-37,15,0,18,-7,9,3,3,8,15,6,7,0,0,0,9,2,4,12,16,10,6,0,0,0,0,0,0,0,0,0,0,0,0,0,0,0,0,0,0,0,0,0,0,0,34,61,108,114,105,91,87,37,37,29,36,0,40,40,40,18,40,14,40,14,17,0,14,0,0,0,0,0,0,0,0,-78,0,0,0,-78,-78,-105,-112,-92]} 1. d4 d5 2. c4 e6 3. Nc3 a6 4. cxd5 exd5 5. Bf4 (5. Qb3 Nf6 6. Bg5 c6 7. e4 dxe4 8. Bc4 Qe7 9. a4 h6 10. Bxf6 gxf6 11. Nge2 f5 12. a5 Bg7 {½-½ (58) Dubov,D (2691)-Fedoseev,V (2707) Satka 2018}) 5... Nf6 6. e3 {D31: Queen's Gambit Declined: Semi-Slav without ...Nf6 (+ Marshall Gambit and Noteboom) and Exchange Variation lines without ...Nf6} Bd6 {LiveBook: 62 Games} 7. Nge2 O-O 8. Bg3 $146 {The position is equal.} ({Predecessor:} 8. h3 Re8 9. Qc2 Nc6 10. O-O-O Be6 11. g4 Rc8 12. Kb1 Bf8 {0-1 (53) Sardo,G (2186)-Brancaleoni,M (2286) Cutro 2006}) 8... Re8 9. Nf4 c6 (9... c5 $15 10. Be2 (10. dxc5 Bxf4 11. Bxf4 d4 $17) 10... cxd4 11. exd4 g5) 10. Be2 Qe7 11. O-O Nbd7 12. Rc1 Ne4 13. Nxe4 dxe4 14. Qc2 Nf6 15. Nh5 Nxh5 16. Bxh5 Bxg3 17. fxg3 g6 18. Be2 f5 19. Bc4+ (19. g4 {feels hotter.} fxg4 20. Rf4 Be6 21. Bxg4 Bd5 22. Rcf1) 19... Be6 20. Qb3 Bxc4 21. Rxc4 {Rb4+ is the strong threat.} Qe6 22. Qc2 Rad8 23. b4 Rd5 24. Rc5 Red8 25. Qb3 Kg7 26. a4 R8d6 27. Qc2 h5 28. Rb1 Kf6 29. h4 Rd7 30. Rc1 Rxc5 31. bxc5 $11 {[%mdl 4096] Endgame KQR-KQR} Rg7 32. Rb1 Re7 33. Rb6 Kf7 34. Qb2 Qd7 35. Qb3+ Kg7 36. Kf2 Kh7 37. Qc4 Kg7 38. Kg1 Kh7 39. Qb4 Qc7 40. Qe1 Qd7 41. Qf2 Qc7 42. Kf1 Rg7 43. Qf4 Qf7 $36 {[%mdl 2048] Black has some pressure.} 44. Kg1 Qc4 45. a5 Qd3 46. Kh2 Qd2 47. Rb3 (47. Qb8 $11 {remains equal.}) 47... Qc2 (47... Qxa5 $17 48. Qf2 Kg8) 48. Ra3 Qd2 (48... Qb2 $11 49. Ra4 Qd2) 49. Rb3 $17 Qxa5 50. Qb8 {[#]} Qc7 $1 {[%cal Rc7b8]} 51. Qa8 {Precision: White = 52%, Black = 63%.} 0-1

[Event "22nd OIBM 2018"]
[Site "Gmund am Tegernsee"]
[Date "2018.11.03"]
[Round "8"]
[White "Schuster, Karsten"]
[Black "Koelle, Tobias"]
[Result "1-0"]
[WhiteElo "2283"]
[BlackElo "2125"]
[Annotator "TA"]
[PlyCount "137"]
[EventDate "2018.10.27"]
[EventType "swiss"]
[EventCountry "GER"]
[SourceTitle "playchess.com"]
[Source "ChessBase"]
[SourceQuality "1"]

{[%evp 23,137,10,10,10,18,20,12,2,34,40,48,46,58,49,54,44,112,81,82,72,79,78,98,40,33,43,110,110,110,110,110,106,112,112,111,106,120,104,104,97,95,88,113,102,115,110,114,114,113,106,164,165,165,158,161,140,131,124,144,145,140,105,125,100,149,130,129,149,150,130,321,297,613,602,586,435,585,593,805,787,841,733,1987,1799,1773,1738,1571,1285,1689,1504,6531,6370,29979,29980,29980,5245,5097,865,1245,0,2983,2473,29971,29972,29972,29973,29972,29962,29962,29966,9806,5930,29985,29984,29986,29986]} 1. d4 d5 2. c4 c6 3. cxd5 cxd5 4. Bf4 Nc6 5. e3 Nf6 6. Nc3 Bf5 7. Qb3 Na5 8. Qa4+ {D10: Slav Defence: 3 cxd5 (without early Nf3) and 3 Nc3} Bd7 9. Qc2 e6 10. Bd3 Rc8 (10... Nh5 11. Be5 Nc6 12. Qe2 Nf6 13. Nf3 Nxe5 14. Nxe5 Bd6 15. O-O O-O {½-½ (28) Meier,G (2639)-Nguyen,N (2620) Batumi 2018}) 11. Nf3 Be7 12. h3 b5 {[#] LiveBook: 20 Games. ...b4 is the strong threat.} 13. a3 a6 14. O-O O-O 15. Qe2 Nc4 $146 ({Predecessor:} 15... Bc6) 16. Rfc1 Bc6 17. a4 Qb6 18. axb5 axb5 19. Ne5 Ra8 ({Black should try} 19... Be8 $14) 20. Rxa8 Rxa8 21. Nxc6 Qxc6 22. b3 Na3 23. Bxb5 (23. e4 $16 Qb7 24. e5) 23... Nxb5 $14 24. Qxb5 Rc8 {[#]} (24... Qxb5 $14 25. Nxb5 Bb4) 25. Qxc6 $1 $16 Rxc6 26. Ne2 Rxc1+ 27. Nxc1 {[%mdl 4096] Endgame KBN-KBN} Kf8 28. Kf1 Ke8 29. Ke2 Kd7 30. Nd3 Ne4 31. f3 Nc3+ 32. Kd2 Nb5 33. Bg3 f6 34. Kc2 g5 35. Be1 Bd6 36. Bb4 e5 (36... Bxb4 $16 37. Nxb4 h6) 37. Bxd6 Kxd6 38. dxe5+ fxe5 $18 {KN-KN} 39. b4 Na3+ 40. Kd2 Nc4+ 41. Ke2 h5 42. g3 Na3 43. e4 Nb5 44. Ke3 Na3 45. Ne1 Nc4+ 46. Kd3 Na3 $2 (46... Nb2+ $16 47. Kc2 Nc4) 47. Nc2 dxe4+ $2 (47... Nb5 48. Ne3 dxe4+ 49. fxe4 (49. Kxe4 Ke6 $18) 49... Kd7) 48. fxe4 Nb5 49. Ne3 Ke6 50. Nf5 g4 51. h4 Na3 52. Kc3 Nb1+ 53. Kc2 Na3+ 54. Kb3 Nb1 55. Kc4 Nd2+ 56. Kd3 Nb1 57. Ng7+ Kf7 58. b5 Ke7 59. Kc4 (59. b6 $142 Kd8 60. Nxh5 Na3 61. Nf6 Nb5 62. Nxg4 Nd6 63. Nxe5 Ke8 64. h5) 59... Kd6 60. Nf5+ (60. Ne8+ $142 Kd7 61. Nf6+ Kd6 62. b6) 60... Ke6 61. Ng7+ (61. b6 $142 Kd7 62. Ng7) 61... Kd6 62. Nxh5 Na3+ 63. Kb4 Nc2+ 64. Ka5 Nd4 65. Nf6 Nb3+ 66. Ka6 Nc5+ 67. Ka7 Kc7 68. b6+ Kc6 69. h5 {Precision: White = 70%, Black = 38%.} 1-0